League of Legends - Zhaun - Statistiken

Allgemein
  • Dieses Quiz wurde 189 mal gespielt
  • Das Durchschnittsergebnis liegt bei 10 aus 14
Antwortstatistiken
Antwort % Korrekt
Warwick
93%
Jinx
92%
Singed
92%
Ekko
88%
Viktor
80%
Urgot
78%
Twitch
73%
Blitzcrank
69%
Zac
65%
Zeri
64%
Dr. Mundo
61%
Renata Glasc
58%
Ziggs
51%
Janna
44%
Keine übereinstimmenden Quizze gefunden
Verteilung der Resultate
Anzahl Personen mit jedem Resultat
Perzentil nach korrekt beantworteten Fragen
Ihre Resultats-Entwicklung
Sie haben dieses Quiz noch nicht gespielt